000 00293nam a22001337a 4500
999 _c54936
_d54936
008 190926b ||||| |||| 00| 0 eng d
041 _aeng
080 _23rd
_a613.2
082 _a613.2
100 _a10
101 _aNUT
245 _aContemporary Nutrition
_cWardlaw,G.M
942 _2udc
_cBK